Teoría y práctica del derecho concursal: examen de la Ley 38-2011 y sus posteriores reformas. Ley 14-2013 y RDL 4-2014

Bewaard in:
Bibliografische gegevens
Hoofdauteurs: Arroyo, Ignacio (Auteur), Morral, Ramón (Auteur)
Formaat: Boek
Taal:Spaans
Gepubliceerd in: Madrid Tecnos 2014
Editie:2a. ed
Onderwerpen:
Tags: Voeg label toe
Geen labels, Wees de eerste die dit record labelt!

MARC

LEADER 00000cam a2200000 a 4500
001 UCE5650
003 CL-VaPUC
008 150305e20140000sp |||||||||||||||||spa|d
020 |a 9788430962921 
082 0 4 |a 346.07  |b ARR  |2 21 
100 0 |a Arroyo, Ignacio  |e author  |9 578330 
700 0 |a Morral, Ramón  |e author  |9 578331 
245 1 0 |a Teoría y práctica del derecho concursal: examen de la Ley 38-2011 y sus posteriores reformas. Ley 14-2013 y RDL 4-2014 
250 |a 2a. ed 
300 |a 206 p 
942 |c BK 
945 |d 20150305 12:52:00  |a dcastane 
260 |a Madrid  |b Tecnos  |c 2014 
650 0 |a Derecho concursal   |9 374010 
650 7 |a DERECHO CONCURSAL ESPAÑOL  |2 CL-VaPUC  |9 569571 
650 0 |a Derecho comercial   |9 256340 
583 |a last modification  |c 20150305 12:52:00  |k Rodrigo Vera 
999 |c 358302  |d 358300 
952 |0 0  |1 0  |3 erb  |4 0  |6 346_070000000000000_ARR_2014  |7 0  |8 A  |9 466933  |a BIBDER  |b BIBDER  |i 5136741  |o 346.07 ARR 2014  |p 5136741  |r 2023-01-25  |w 2019-11-23  |y BK  |z Catalogado en:20150305  |k DER